00447 2200169 4500001002100000005001500021035002000036245004700056100001800103250001700121300003200138260003500170082001000205084001600215020002200231650002400253INLIS00000000000075420241021083234 a0010-10240000471 aCahaya dan Sifat-sifatnya /cYoni Yuniarto0 aYoni Yuniarto aCetakan ke-1 aiv, 28 hlm :bIlus ;c22 cm aJakarta :bGaneca exact,c2007 a535.1 a535.1 YON c a978-979-571-384-5 4aEnsiklopedia cahaya